000 00301nam a22001337a 4500
082 _a823
_bBOR/F
100 _aBOURGOLSE, PANLETTE
100 _aBREND
245 _aFRANKLIN SCHOOL PLAY
260 _aNEW YORK
_bSCHOLASTIC
_c1996
300 _a20
650 _aENGLISH STORY
_zUNITED STATES
942 _cBK
999 _c7496
_d7496